| 000 | 00456nam a2200169Ia 4500 | ||
|---|---|---|---|
| 003 | GCL | ||
| 008 | 140319s9999 xx 000 0 eng d | ||
| 040 |
_aGCL / _cGCL |
||
| 082 | 0 | 4 |
_aCH _b513.5 _b _bD N |
| 100 | 1 | _aDAR AL - HILAL | |
| 245 | 1 | 0 |
_aNUMBER'S BOOK, READ, WRITE AND COLOUR / _cDAR AL - HILAL |
| 260 |
_a[S.N] : _bDAR AL NIBRAS - AL - ARABIA ، _c1986 |
||
| 650 | 0 | 4 | _aCHILDREN |
| 650 | 0 | 4 | _aNUMBERS |
| 650 | 0 | 4 | _aNUMBER SYSTEM |
| 942 |
_2ddc _cBK |
||
| 999 |
_c15162 _d15162 |
||